Flagi Oceanii - Statystyki

Ogólne statystyki
  • Ten quiz został rozwiązany 6 991 razy
  • Średni wynik to 12 z 14
Statystyki odpowiedzi
Obrazkowy Odpowiedź % Poprawnych
Australia
99%
Nowa Zelandia
96%
Fidżi
91%
Papua-Nowa Gwinea
91%
Kiribati
90%
Mikronezja
88%
Palau
88%
Nauru
85%
Tonga
84%
Wyspy Marshalla
84%
Samoa
80%
Vanuatu
80%
Wyspy Salomona
79%
Tuvalu
76%
Nie znaleziono quizów pasujących do podanych kryteriów
Rozkład punktacji
Procent ludzi z każdym wynikiem
Percentyl według liczby udzielonych odpowiedzi
Twoja historia wyników
Nie rozwiązałeś tego quizu